La dottrina del diritto naturale
Saved in:
| Hovedforfatter: | |
|---|---|
| Format: | Bog |
| Sprog: | italiensk |
| Udgivet: |
Milán
Edizioni di Comunità
1980
|
| Serier: | Diritto e Cultura Moderna, 22
|
| Fag: | |
| Tags: |
Tilføj Tag
Ingen Tags, Vær først til at tagge denne postø!
|
MARC
| LEADER | 00000nam a2200000 a 4500 | ||
|---|---|---|---|
| 001 | UCS9444 | ||
| 003 | CL-VaPUC | ||
| 008 | 971113e19800000IT |||||||||||||||||ita|d | ||
| 082 | 0 | 4 | |a 340.112 |b PAS |2 21 |
| 100 | |a Passerin d'Entrèves, Alessandro |e autore |9 394420 | ||
| 245 | 1 | 3 | |a La dottrina del diritto naturale |
| 300 | |a 196 p | ||
| 942 | |c BK | ||
| 945 | |d 19971113 00:00:00 |a aolguin | ||
| 260 | |a Milán |b Edizioni di Comunità |c 1980 | ||
| 650 | 0 | |a Derecho natural |9 255041 | |
| 650 | 7 | |a DOCTRINA |2 CL-VaPUC |9 378331 | |
| 650 | 7 | |a SISTEMA JURIDICO |2 CL-VaPUC |9 394421 | |
| 650 | 0 | |a Ética |9 255099 | |
| 650 | 0 | |a Teoría del derecho |9 255982 | |
| 650 | 0 | |a Moral y derecho |9 393265 | |
| 583 | |a last modification |c 19971113 00:00:00 |k Rodrigo Vera | ||
| 490 | 0 | |a Diritto e Cultura Moderna, 22 | |
| 999 | |c 263245 |d 263243 | ||
| 952 | |0 0 |1 0 |4 0 |6 340_112000000000000_PAS_1980 |7 0 |8 DER_TF |9 292432 |a BIBDER |b BIBDER |d 2019-11-19 |i 1898159 |o 340.112 PAS 1980 |p 1898159 |r 2023-01-25 |w 2019-11-19 |x Ubicación 4to Piso |y BK |z Estos recursos deben solicitarse con anticipación |k DER | ||